000
00316nam a2200109Ia 4500
001
588992
005
20250717120840.0
008
250717s9999 xx 000 0 und d
245
0
_a
U-10 ETKİNLİKLERLE NEŞELİ RAMAZAN GÜNLÜĞÜ
_c
ARİFE GÖKMEN
260
_b
TÜRKİYE DİYANET VAKFI YAYINLARI
_c
2020
300
_b
63
999
_c
588992
_d
588992